| 000 | 02275cam a2200361 i 4500 | ||
|---|---|---|---|
| 001 | 20945975 | ||
| 003 | EG-ScBUE | ||
| 005 | 20251201100954.0 | ||
| 008 | 190424t2020 enka f bf 001 0 eng d | ||
| 020 | _a9789774169809 | ||
| 035 | _a20945975 | ||
| 035 | _a(OCoLC)1140112401 | ||
| 040 |
_aUKMGB _beng _erda _cUKMGB _dOCLCO _dBDX _dERASA _dOCLCF _dYDX _dAU@ _dGZN _dUAB _dMEAUC _dCNGUL _dDLC _dEG-ScBUE |
||
| 043 | _af-ua--- | ||
| 082 | 0 | 4 |
_a133.430932 _222 _bRIG |
| 100 | 1 |
_aRiggs, Christina, _eauthor. |
|
| 245 | 1 | 0 |
_aAncient Egyptian magic : _ba hands-on guide / _cChristina Riggs. |
| 264 | 1 |
_aLondon : _bThames & Hudson, _c[2020] |
|
| 264 | 4 | _cc2020 | |
| 300 |
_a208 pages : _billustrations (black and white) ; _c21 cm |
||
| 336 |
_atext _btxt _2rdacontent |
||
| 336 |
_astill image _bsti _2rdacontent |
||
| 336 |
_acartographic image _bcri _2rdacontent |
||
| 337 |
_aunmediated _bn _2rdamedia |
||
| 338 |
_avolume _bnc _2rdacarrier |
||
| 504 | _aIncludes bibliographical references and index. | ||
| 520 | 8 | _aIn the ancient world the magicians of Egypt were considered the best. But was magic harmless fun, heartfelt hope, or something darker? Whether you needed a love charm, a chat with your dead wife, or the ability to fly like a bird, an Egyptian magician had just the thing. Christina Riggs explores how the Egyptians thought about magic, who performed it and why, and also helps readers understand why we've come to think of ancient Egypt in such a mystical, magical way in the first place. This book takes Egyptian magic seriously, using ancient texts and images to tackle the blurry distinctions between magic, religion and medicine. Along the way, readers will learn how to cure scorpion bites, why you might want to break the legs off your stuffed hippopotamus toy, and whether mummies really can come back to life. Readers will also (if so inclined) be able to save a fortune on pregnancy tests by simply urinating on barley seeds, and learn how to use the next street parade to predict the future - or ensure that annoying neighbour gets his comeuppance. | |
| 650 | 7 |
_aMagic, Egyptian. _2BUEsh |
|
| 650 | 7 |
_aMagicians _zEgypt _xSocial life and customs. _2BUEsh |
|
| 655 | _vReading book | ||
| 906 |
_a7 _bcbc _ccopycat _d2 _encip _f20 _gy-gencatlg |
||
| 942 |
_2ddc _cBB |
||
| 999 |
_c31036 _d31007 |
||